000
00364nam a22001577a 4500
003
MPLRDC
005
20220104142517.0
008
210129b ||||| |||| 00| 0 eng d
082
_a
857.7 YQ v.145
100
_a
严沁
245
_a
白云无尽时
_c
260
_a
_b
创作月刊社
_c
300
_b
平
650
_a
长篇小说
942
_c
BK
_o
857.7 YQ v.145
999
_c
31473
_d
31463